|
|
|
|
| LEADER |
00000nam a2200000Ii 4500 |
| 001 |
DIGUCAUCA0048 |
| 003 |
NyNyDIG |
| 007 |
cr ||||||||||| |
| 008 |
210829s2019 ck a ob 001 0dspa d |
| 006 |
m o d |
| 035 |
|
|
|a (OCoLC)1253290619
|
| 040 |
|
|
|a DGITA
|b eng
|e rda
|e pn
|c DGITA
|
| 020 |
|
|
|a 9789587323757
|q eBook
|
| 020 |
|
|
|z 9789587323740
|
| 050 |
1 |
4 |
|a PQ8162 ebook
|
| 100 |
1 |
|
|a Aristizábal Montes, Patricia,
|e author.
|
| 245 |
1 |
0 |
|a Entre escritoras :
|b seis ensayos sobre escritoras colombianas /
|c Patricia Aristizábal Montes.
|
| 250 |
|
|
|a Primera edición en español.
|
| 264 |
|
1 |
|a Popayán, Colombia :
|b Editorial Universidad del Cauca,
|c [2019]
|
| 300 |
|
|
|a 1 online resource :
|b illustrations.
|
| 336 |
|
|
|a text
|b txt
|2 rdacontent
|
| 337 |
|
|
|a computer
|b c
|2 rdamedia
|
| 338 |
|
|
|a online resource
|b cr
|2 rdacarrier
|
| 347 |
|
|
|a text file
|2 rdaft
|
| 347 |
|
|
|b PDF
|
| 504 |
|
|
|a Includes bibliographical references and index.
|
| 588 |
0 |
|
|a Online resource; title from PDF title page (Digitalia, viewed August 29, 2021)
|
| 650 |
|
0 |
|a Women authors, Colombian.
|
| 650 |
|
0 |
|a Colombian literature
|x Women authors.
|
| 650 |
|
0 |
|a Colombian literature
|x History and criticism.
|
| 655 |
|
0 |
|a Electronic books.
|
| 791 |
2 |
|
|a Digitalia (Firm),
|e distributor.
|
| 793 |
0 |
|
|g Digitalia eBook Collection:
|a Editorial Universidad del Cauca
|
| 776 |
0 |
8 |
|i Print version:
|a Aristizábal Montes, Patricia.
|t Entre escritoras.
|b Primera edición en español.
|d Popayán, Colombia : Editorial Universidad del Cauca, [2019]
|z 9789587323740
|w (OCoLC)1235469256
|
| 856 |
4 |
0 |
|3 Digitalia Hispánica
|u https://www.digitaliapublishing.com/a/82778/
|
| 910 |
|
|
|a Premium collection: 2021
|